Developing reading versatility (Record no. 168848)

MARC details
000 -LEADER
fixed length control field 00423nam a2200157Ia 4500
008 - FIXED-LENGTH DATA ELEMENTS--GENERAL INFORMATION
fixed length control field 231217s9999 xx 000 0 und d
041 ## - LANGUAGE CODE
Language code of text/sound track or separate title English
082 ## - DEWEY DECIMAL CLASSIFICATION NUMBER
Classification number 153.1 ADA;1 `R'
100 ## - MAIN ENTRY--PERSONAL NAME
Personal name Adams, W Royce. Patterson, Becky.
245 #0 - TITLE STATEMENT
Title Developing reading versatility
250 ## - EDITION STATEMENT
Edition statement 8th ed.
260 ## - PUBLICATION, DISTRIBUTION, ETC.
Date of publication, distribution, etc. 2001
Name of publisher, distributor, etc. Harcourt Brace College
300 ## - PHYSICAL DESCRIPTION
Extent xvi+416
650 ## - SUBJECT ADDED ENTRY--TOPICAL TERM
Topical term or geographic name entry element Developing,reading,versatility
942 ## - ADDED ENTRY ELEMENTS (KOHA)
Koha item type Books
Holdings
Date last seen Total checkouts Full call number Accession number Cost, total (INR) price Price effective from Category Lost status Damaged status Department Withdrawn status Home library Current library Entry date Vendor Cost, normal purchase price Grants Billnumber Billdate Currency symbol Conversion rate Discount Old discount
26/01/2024   153.1 ADA;1 `R' 20998 417.22 26/01/2024 Books     Central Library   Central Library Central Library 03/10/2002 Allied publ. 9.50 GEN 3428 06/01/2005 USD 51.7 1.43 15

© For any Suggestions or Query, please contact the library staff @ librarian@pes.edu or Phone: +9180 2672 1983/ 2108.